Quizzes
Events
Quiz Creation
Community
Videos
Private Events
Remove Ads
Sign In
Join for FREE
Feedback
Dark Mode
Quiz Categories
Sports
Geography
Music
Movies
Television
Just For Fun
Miscellaneous
History
Literature
Language
Science
Gaming
Entertainment
Religion
Holiday
For Kids
Quiz Lab
Recent
Popular Today
Quiz Kudos Today
Editor Picks
Curator Picks
Quizzes by...
Day
Popularity
Type
Ratings
Length
Year
Community
Subscriptions
Recent Discussions
Orange Saloon
Badges
Playlists
Quests
Create
Leaderboards
Showdown
Live 5
Trivia Bingo
Activity
Puzzle Library
Sporcle Events
Private Events
Virtual Trivia
Globe League
Become a Host
Pub Owners
SporcleCon
Opinionation
Our Games
Videos
Blog
Mobile Apps
Partnerships
Remove Ads and Go Orange
Feedback
Music
Pop Music
The Beatles
Song
Album
Lyrics
Bands
Singers
Artist
Clip
Rock
Rap
Classical
Billboard
Country Music
Kpop
Taylor Swift
Music
Pop Music
The Beatles
Song
Album
Lyrics
Bands
Singers
Artist
Clip
Rock
Rap
Classical
Billboard
Country Music
Kpop
Taylor Swift
Random Quiz
Search Sporcle
×
Quiz Lab
Quiz Lab
Music
biggest
Type in answers that appear in a list
Type in answers that appear in a list
Classic
Best Score? Go Orange.
Bands by Biggest Hit Stats
Can you name the Bands by their Biggest Hit?
By
rishal2011
10m
63 Questions
121 Plays
121 Plays
121 Plays
Comments
Comments
Give Quiz Kudos
Give Quiz Kudos
-
- Ratings
hide this ad
Replay
Link that replays current quiz
Next Quiz
Link to next quiz in quiz playlist
You Got
0%
They Got
Avg Score
51%
Avg Friend Score
Upgrade to see
Score Distribution
Jump to the score distribution portion of the page
Score
0/63
Timer
10:00
0
Plays Today
Biggest Hit
Band
% Correct
(I Can't Get No) Satisfaction
The Rolling Stones
99.2%
Smells Like Teen Spirit
Nirvana
99.2%
Bohemian Rhapsody
Queen
98.3%
Hey Jude
The Beatles
97.5%
Paranoid
Black Sabbath
95.9%
Stairway to Heaven
Led Zeppelin
94.2%
Sweet Child O'Mine
Guns N' Roses
94.2%
Every Breath You Take
The Police
94.2%
Back in Black
ACDC
94.2%
Don't Stop Believing
Journey
93.4%
Hotel California
Eagles
93.4%
Dream On
Aerosmith
92.6%
Viva La Vida
Coldplay
92.6%
Basket Case
Green Day
91.7%
Losing My Religion
R.E.M.
91.7%
With or Without You
U2
90.9%
Everlong
Foo Fighters
90.1%
Baba O'Riley
The Who
88.4%
Smoke on the Water
Deep Purple
88.4%
Master of Puppets
Metallica
88.4%
She Will Be Loved
Maroon 5
86.8%
Comfortably Numb
Pink Floyd
86.8%
Light My Fire
The Doors
83.8%
Californication
Red Hot Chilli Peppers
78.4%
Killing in the Name
Rage Against the Machine
70.2%
Panama
Van Halen
67.6%
Ace of Spades
Motorhead
66.9%
Radioactive
Imagine Dragons
64.9%
Free Bird
Lynyrd Skynyrd
64.9%
In The End
Linkin Park
64.5%
Say It Ain't So
Weezer
61.2%
Sex on Fire
Kings of Leon
61.2%
Biggest Hit
Band
% Correct
Hallowed Be Thy Name
Iron Maiden
59.5%
Bring Me To Life
Evanescence
59.5%
Black Hole Sun
Soundgarden
59.5%
Blitzkrieg Bop
The Ramones
59.5%
Fortunate Son
Creedence Clearwater Revival
59.5%
Chop Suey
System of a Down
58.7%
Welcome to the Black Parade
My Chemical Romance
55.4%
Misery Business
Paramore
52.9%
Don't Speak
No Doubt
51.5%
Tom Sawyer
Rush
51.4%
Freak on a Leash
Korn
51.4%
Sugar, We're Going Down
Fall Out Boy
48.8%
Fat Lip
Sum 41
48.8%
Closer
NIne Inch Nails
48.6%
Hysteria
Muse
47.9%
Holy Wars...The Punishment Due
Megadeth
44.6%
Psychosocial
Slipknot
37.2%
Blurry
Puddle of Mudd
29.7%
Sober
Tool
29.7%
Animal I Have Become
Three Days Grace
29.7%
I Stand Alone
Godsmack
27%
Bat Country
Avenged Sevenfold
26.4%
Once In A Lifetime
Talking Heads
24.3%
The Diary of Jane
Breaking Benjamin
21.6%
Prayer of the Refugee
Rise Against
19%
Stargazer
Rainbow
18.9%
Knives and Pens
Black Veil Brides
16.2%
Caught in a Mosh
Anthrax
16.2%
Tears Don't Fall
Bullet For My Valentine
14.9%
Only For the Weak
In Flames
13.5%
The Bleeding
Five Finger Death Punch
10.8%
Quiz Playlist
Details
Report
Send in Message
Add To Playlist
Classic:
Type in answers that appear in a list
Last Updated: Jun 27, 2017
Quiz Scoreboard
CHALLENGE
Sign Up to Join the Scoreboard
Show All
Scores
Hide
Comments
May contain spoilers
Recently Published
College Basketball Coaching Resumes
by pancakes188
Sports
9m
Billboard Blitz: Fleetwood Mac
by CooCooCachoo
Music
15s
Presidents Visiting Landmarks
by Hejman
History
7m
More to Explore
Quiz From the Vault
Featured Blog Post
Where Did the Easter Bunny Come From?
hide this ad
You Might Also Like...
Tags
biggest
hit
Vocalists
Today's Top Quizzes in Music
Browse Music
hide this ad
Today's Top Quizzes in biggest
Browse biggest
Top Contributed Quizzes in Music
1
Taylor Swift All Songs (2024)
2
Guess the Artist- 70s Songs
3
7-to-1: Billboard Hot 100 #1 Hits of 2010s
4
Sorting Albums and Songs
5
Taylor Swift Logic Puzzle
6
KPOP LOGIC QUIZ
7
One Thing in Common: Music
8
Guess the Taylor Swift song (Mystery Song)
9
2010s Album by Cover III
10
Guess The Taylor Swift Lyrics Song #1
Explore More
Trending Topics
Crossword
NBA
Anime
Disney
Marvel
Kpop
Harry Potter
Country
The Office
Puzzle
NFL
Pokémon
Song
WWE
Soccer
hide this ad
More By:
rishal2011
Quiz
Plays
Rating
Category
Featured
Created
Names of beyblades
504
3.00
Television
Feb 16, 2011
Linkin Park Meteora
200
1.50
Music
Jul 30, 2011
Dark Tranquillity Songs
148
Music
Jun 14, 2018
Bands by Biggest Hit
121
2.75
Music
Sep 15, 2015
Linkin Park Songs
99
Music
Feb 15, 2013
Go to Creator's Profile
Score Distribution
Quiz Creator Spotlight
rishal2011
Follow
Send a Message
Quizzes Created
-
Created Quiz Play Count
-
More By This Creator
Popular Quizzes Today
1
Find the US States - No Outlines Minefield
2
Find the Countries of Europe - No Outlines Minefield
3
The Countries of the World
4
Find the US States
5
Risky Map Clicking: Biggest States A-Z
6
US States
7
Popular People in 1961
8
Movies - When Are They Set?
More Music Quizzes
Elton John or Taron Egerton? (Clip Quiz)
Curator's Pick
Trending Quizzes
Risky Map Clicking: Least Populous States A-Z
1-10 Letter G Words
1-10 Letter F Words
Risky Map Clicking: Next State Alphabetically
Click the Washington State Counties! (Map)
Recently Updated
Leaping Animals
pecheneg
Reality TV Shows (A-Z)
bhenderson79
Rickey Henderson's Hall of Fame Teammates
pecheneg
Champions League XIs: Arsenal
pecheneg
Quick Pick: Celebrities in WWE's Hall of Fame
aduchscher
A-Z Keypad Blitz II
pecheneg
Multiple Oscar Actors
pecheneg
Mystery Phrase Blitz: Oscar 'Best Actors'
pecheneg
F. Scott Fitzgerald Novels
LTH
Pick 3 Villains
ddd62291
Trending Topics
Harry Potter
Disney
Anime
Marvel
NBA
Crossword
Kpop
Song
Pokémon
WWE
Soccer
The Office
Country
NFL
Puzzle
Your Account Isn't Verified!
In order to create a playlist on Sporcle, you need to verify the email address you used during registration. Go to your
Sporcle Settings
to finish the process.
Report this User
Report this user for behavior that violates our
Community Guidelines
.
Details:
Send Report
Go to the Sporcle.com Mobile Site →
Comments